00635nam a22001937a 4500003001100000005001700011008004100028040003900069041000800108082001600116100001900132245007500151260004500226300003300271650002400304942000700328952009100335999001500426LK-CoMWRAF20240319112317.0240211b1994 |||||||| |||| 00| 0 eng d aLK-CoMWRAFdLK-CoMWRAFeLK-CoMWRAF aeng a362.57bMAL aMallac, Guy De aRemedies to mass poverty : ba plea for a global anti-poverty campaign aMadurai :bValliammal institution,c1994 a40 p.bBibliography included aPOVERTY ALLEVIATION cBK 00104070aMAINbMAINd2024-02-11l0o362.57 MALpRAF5009r2024-02-11w2024-02-11yBK c4739d4739